All aespa Songs (until Rich Man) - Statistics

General Stats
  • This quiz has been taken 150 times
    41 since last reset
  • The average score is 37 of 70
Answer Stats
Answer % Correct
Black Mamba
96%
UP (KARINA solo)
96%
Rich Man
91%
Supernova
83%
Armageddon
78%
Drama
78%
Dirty Work
74%
Dopamine (GISELLE solo)
74%
Next Level
74%
Savage
74%
Spicy
74%
Girls
70%
Welcome to MY World (ft.naevis)
70%
Whiplash
70%
aenergy
65%
Bored! (NINGNING solo)
65%
Spark (WINTER solo)
65%
Better Things
61%
Forever
61%
Hot Mess
61%
Pink Hoodie
61%
Illusion
57%
Ketchup And Lemonade (NINGNING Solo)
57%
Long Chat (#♥)
57%
Thirsty
57%
YEPPI YEPPI
57%
Angel #48
52%
BLUE (WINTER Solo)
52%
Flowers
52%
Hold On Tight
52%
I'm Unhappy
52%
Salty & Sweet
52%
Trick Or Trick
52%
YOLO
52%
BAHAMA
48%
Dreams Come True
48%
Flights, Not Feelings
48%
GOOD STUFF (KARINA Solo)
48%
ICU
48%
I'll Make You Cry
48%
Licorice
48%
Life's Too Short
48%
Live My Life
48%
Melody
48%
Sun and Moon
48%
Tornado (GISELLE Solo)
48%
You
48%
Drift
43%
Hot Air Balloon
43%
Kill It
43%
Lucid Dream
43%
Mine
43%
To The Girls
43%
ZOOM ZOOM
43%
Count On Me
39%
Don't Blink
39%
ICONIC
39%
Just Another Girl
39%
Lingo
39%
Prologue
39%
Set The Tone
39%
Bubble
35%
'Till We Meet Again
35%
Dark Arts
30%
Jingle Bell Rock
30%
We Go
30%
Beautiful Christmas (with Red Velvet)
22%
Die Trying
22%
Regret of the Times (2024 aespa Remake ver.)
17%
Dollhouse World
9%
No matching quizzes found
Score Distribution
Percent of People with Each Score
Percentile by Number Answered
Your Score History
You have not taken this quiz since the last reset